00446nam a2200181Ia 450000500170000000800410001702000180005804100080007608200150008410000100009924500370010925000110014626000320015730000090018950000280019865000280022670000100025420251122105138.0230125s9999 xx 000 0 und d a9788130920368 aeng a158.1bSIN aSingh aHappiness Always and in All Ways aEd.1st c2017bViva BooksaNew Delhi a144p aPersonality Development aPersonality Development aSingh